| 000 | 00858nam a22002537a 4500 | ||
|---|---|---|---|
| 005 | 20170123162324.0 | ||
| 010 | _aA-416009 | ||
| 020 | _c25.00 | ||
| 035 | _aA-416009 | ||
| 037 | _bCen Lib/Ret | ||
| 040 |
_aDPL _bUR |
||
| 082 |
_aک _bس ل ا |
||
| 100 |
_a سلام بن رزاق _9111018 |
||
| 245 |
_aمُعبر : _c سلام بن رزاق _bافسانوں کا مجمع / |
||
| 246 |
_aMuabbar : afsanon ka majmua / _bby Slam Bin Razaq |
||
| 260 |
_aممبئی _bکہانی پبلیکیشنز _c1987 |
||
| 270 |
_bممبئی _a400070 _e١١/٩، ال.آیئ. جی. ونوبا بھاوے نگر |
||
| 300 |
_a160p. _c21cm(Hb) |
||
| 650 |
_a ادب -- اردو _9118506 |
||
| 650 |
_aاردو کہانیاں _x _9118507 |
||
| 650 |
_v _aLiterature -- Urdu _9118508 |
||
| 650 |
_aUrdu stories _9118509 |
||
| 942 |
_2ddc _cUR _hک _mس ل ا |
||
| 999 |
_c107297 _d107297 |
||